| 000 | 003240000a22001090004500 | ||
|---|---|---|---|
| 100 | 1 | _aLópez Lozano, Carlos | |
| 245 | 1 | 0 | _aCipriano de Valera y la revisión de la Biblia del Oso |
| 300 | _aVol.0, núm.199 (1992), Páginas 16-17 | ||
| 650 | 1 | 4 | _aBIBLIA-CIPRIANO DE VALERA |
| 773 | 0 | _tLa Biblia en las Américas | |
| 942 | _cANA | ||
| 999 |
_c62885 _d62885 |
||